Choose the Right Mate,Lover or Friend Through Handwriting (Record no. 7197)

MARC details
000 -LEADER
fixed length control field 00435nam a2200169Ia 4500
008 - FIXED-LENGTH DATA ELEMENTS--GENERAL INFORMATION
fixed length control field 220524s9999 xx 000 0 und d
020 ## - INTERNATIONAL STANDARD BOOK NUMBER
International Standard Book Number 9788120717317
041 ## - LANGUAGE CODE
Language code of text/sound track or separate title eng
082 ## - DEWEY DECIMAL CLASSIFICATION NUMBER
Classification number 137.7
100 ## - MAIN ENTRY--PERSONAL NAME
Personal name Dines Jess E.
9 (RLIN) 7123
245 ## - TITLE STATEMENT
Title Choose the Right Mate,Lover or Friend Through Handwriting
260 ## - PUBLICATION, DISTRIBUTION, ETC. (IMPRINT)
Name of publisher, distributor, etc. Sterling Publishing Pvt. Ltd.,
Date of publication, distribution, etc. 1998
300 ## - PHYSICAL DESCRIPTION
Extent 201
650 ## - SUBJECT ADDED ENTRY--TOPICAL TERM
Topical term or geographic name as entry element Other Subject
9 (RLIN) 7124
906 ## - LOCAL DATA ELEMENT F, LDF (RLIN)
a
Holdings
Withdrawn status Lost status Damaged status Not for loan Home library Current library Date acquired Vendor Cost, normal purchase price Total Checkouts Full call number Barcode Date last seen Cost, replacement price Bill Date Koha item type Original Barcode
        School of Fashion Technology School of Fashion Technology 29/03/2007 Anant Book Shop 80.00   137.7 SOFT-BK-2741 08/07/2022 60.00 08/07/2022 Books 002741